Shriramakrishna and his unique message (Record no. 92618)

MARC details
000 -LEADER
fixed length control field 00491nam a2200169Ia 4500
008 - FIXED-LENGTH DATA ELEMENTS--GENERAL INFORMATION
fixed length control field 230125s9999 xx 000 0 und d
041 ## - LANGUAGE CODE
Language code of text/sound track or separate title eng
082 ## - DEWEY DECIMAL CLASSIFICATION NUMBER
Classification number 823
Item number GHA/TOY
100 ## - MAIN ENTRY--PERSONAL NAME
Personal name Ghanananda S, Ed.
9 (RLIN) 114943
245 ## - TITLE STATEMENT
Title Shriramakrishna and his unique message
260 ## - PUBLICATION, DISTRIBUTION, ETC. (IMPRINT)
Date of publication, distribution, etc. 1987
Name of publisher, distributor, etc. Advaita ashrama pub
Place of publication, distribution, etc. Calcutta
300 ## - PHYSICAL DESCRIPTION
Extent 172p
500 ## - GENERAL NOTE
Keywords Literature;English Literature
650 ## - SUBJECT ADDED ENTRY--TOPICAL TERM
Topical term or geographic name as entry element English Literature
700 ## - ADDED ENTRY--PERSONAL NAME
Personal name Ghanananda S, Ed. & Toynbee A J
9 (RLIN) 114944
Holdings
Withdrawn status Lost status Damaged status Not for loan Home library Current library Date acquired Vendor Cost, normal purchase price Full call number Barcode Date last seen Cost, replacement price Bill Date Koha item type Original Barcode
        Smt. Hiraben Nanavati Institute of Management & Research for Women Smt. Hiraben Nanavati Institute of Management & Research for Women 29/06/1998 Satya Gilani 8.00 823 GHA/TOY DB0082 HIMR-DB-82 25/01/2023 8.00 29/06/1998 Donated Book DB0082